Ein bislang unbekannter schlesischer 3-Kreuzer-Typ der Münzstätte Jägerndorf aus dem Jahr 1610

Titel: Ein bislang unbekannter schlesischer 3-Kreuzer-Typ der Münzstätte Jägerndorf aus dem Jahr 1610 / Manfred Olding
Verfasser:
In: Beiträge zur brandenburgisch-preussischen Numismatik, Heft 25 (2017), Seite 36
alle Artikel anzeigen
Veröffentlicht: 2017
Format: Aufsatz
Sprache: Deutsch
Schlagworte:
Kein Bild verfügbar
X
alg: 42757985
001A    $03025:16-03-18 
001B    $01999:04-09-23 $t22:46:08.000 
001C    $03025:16-03-18 $t10:54:37.000 
001D    $03025:16-03-18 
001U    $0utf8 
001X    $00 
002@    $0Aou 
002C    $aText $btxt $2rdacontent 
002D    $aohne Hilfsmittel zu benutzen $bn $2rdamedia 
002E    $aBand $bnc $2rdacarrier 
003@    $0427579856 
007A    $0427579856 $aHEB 
010@    $ager 
010E    $erda 
011@    $a2017 
021A    $aEin @bislang unbekannter schlesischer 3-Kreuzer-Typ der Münzstätte Jägerndorf aus dem Jahr 1610 $hManfred Olding 
028A    $BVerfasser $4aut $8Olding, Manfred [Tp3] $9477394361 
031A    $e25 $h36 $j2017 
039B    $aEnthalten in $8--Abvc--. Beiträge zur brandenburgisch-preussischen Numismatik. - Berlin : Numismatischer Arbeitskreis Brandenburg/Preußen, 1990-. - ISSN 2569-8478 $x201700000000025964 $9047032243 
044K    $RJägerndorf $#Jägerndorf $72166196-0 $8Krnov [Tg1] $9054086485 
044K    $#Mints $#Hôtels de la Monnaie $#Casas de la moneda $#Münze Prägeanstalt $#Prägeanstalt $#Münzprägeanstalt $#Münzhof $74134100-4 $8Münzstätte [Ts1] $9085489417 
044K    $RGeld $RMedaille $RNumismatik $#Coins $#Monnaies $#Monete $#Monedas $#Münzen $#Metallgeld $#Münzen $74040629-5 $8Münze [Ts1] $9085111147 
045R    $aGeschichte 1610 
045T    $a8,1 

lok: 42757985 78

exp: 42757985 78 1 #EPN
201B/01 $016-03-18 $t10:54:50.000 
201C/01 $016-03-18 
201U/01 $0utf8 
203@/01 $01019922303 
208@/01 $a16-03-18 $be 
209A/01 $a/ $f000 $x00 
209A/01 $ab*p $x01 
209B/01 $a3 $x05 
220C/01 $apgar 
244Z/01 $#Schlesien $#Schlesien $#Herzogtum Schlesien $#Herzogtum Schlesien Schlesien $#Provinz Schlesien $#Śla̜sk $#Slezsko $#Silesia $74052678-1 $8--Tg1--Schlesien $x01 $9085146781 
244Z/01 $#Böhmische Kronländer $#Länder der Böhmischen Krone $#Sudetenland $#Böhmen $#Mähren $#Mährisch-Schlesien $#Österreichisch-Schlesien $#Tschechische Sozialistische Republik Böhmische Länder $#Tschechei Böhmische Länder $#Země koruny české $74069573-6 $8--Tg1--Böhmische Länder $x02 $9085195553 
247C/01 $82080>Marburg/Lahn, Herder-Institut, Forschungsbibliothek, Bibliographieportal $9336309341
LEADER 00000caa a2200000 c 4500
001 427579856
003 DE-603
005 20230904224608.0
007 tu
008 180316s2017 xx |||| | u00||u|ger c
035 |a (DE-599)HEB427579856 
040 |a DE-603  |b ger  |c DE-603  |d DE-603  |e rda 
041 |a ger 
084 |a 8,1  |2 ssgn 
100 1 |a Olding, Manfred  |e Verfasser  |4 aut  |0 (DE-603)477394361  |0 (DE-588)1230086137  |2 gnd 
245 0 0 |a ˜Einœ bislang unbekannter schlesischer 3-Kreuzer-Typ der Münzstätte Jägerndorf aus dem Jahr 1610  |c Manfred Olding 
264 0 |c 2017 
336 |a Text  |b txt  |2 rdacontent 
337 |a ohne Hilfsmittel zu benutzen  |b n  |2 rdamedia 
338 |a Band  |b nc  |2 rdacarrier 
648 7 |a Geschichte 1610  |2 gnd 
650 7 |a Münzstätte  |0 (DE-588)4134100-4  |0 (DE-603)085489417  |2 gnd 
650 7 |a Münze  |0 (DE-588)4040629-5  |0 (DE-603)085111147  |2 gnd 
651 7 |a Krnov  |0 (DE-588)2166196-0  |0 (DE-603)054086485  |2 gnd 
773 0 8 |i Enthalten in  |t Beiträge zur brandenburgisch-preussischen Numismatik  |d Berlin : Numismatischer Arbeitskreis Brandenburg/Preußen, 1990-  |h 21 cm  |x 2569-8478  |g Heft 25 (2017), Seite 36  |w (DE-603)047032243  |w (DE-600)30302-1 
924 0 |9 2080  |a (DE-603)1019922303  |b DE-2080  |c HES  |d d  |g /